000 00474nam a2200181Ia 4500
001 18671
005 20260306171648.0
008 260306s9999||||xx |||||||||||||| ||und||
041 _aESP
082 _a658.45
_bC76 2008
100 _aRebeil Corella, Maria Antonieta (coord.)
_eAUT
245 0 _aComunicación estratégica:
_ben las organizaciones
260 _c2008
300 _a304 páginas :
_c23 cm.
650 _aGEN
654 _aCAN
942 _cLIB
_dJUS
_fJUS
_2ddc
_n
999 _c18671
_d18671